000
00215nam a2200085Ia 4500
008
170620s9999 xx 000 0 und d
100
_a
Universals
245
4
_a
THE TELECOM REGULATION AUTHORITY OF INDIA
260
_b
Universal Law
260
_c
2008
999
_c
29318
_d
29318